Countries with embassies and consulates in Barcelona - Statistics

General Stats
  • This quiz has been taken 82 times
  • The average score is 35 of 38
Answer Stats
Continent Country % Correct
South America Argentina
100%
Asia China
100%
South America Colombia
100%
Europe France
100%
Europe Italy
100%
Europe United Kingdom
100%
North America United States of America
100%
South America Bolivia
99%
North America Canada
99%
South America Chile
99%
Asia/ Europe Russia
99%
South America Venezuela
99%
North America Cuba
97%
South America Peru
97%
Asia/ Europe Turkey
97%
South America Uruguay
97%
South America Brazil
96%
South America Ecuador
96%
North America Mexico
96%
South America Paraguay
96%
Africa Algeria
94%
Europe Germany
94%
Europe Belgium
93%
Europe Poland
91%
Europe Portugal
91%
North America Honduras
90%
Europe Hungary
90%
Africa Morocco
90%
Asia Japan
88%
North America Panama
88%
Europe Switzerland
88%
North America Dominican Republic
86%
Europe Romania
83%
Europe Ukraine
83%
North America El Salvador
80%
Europe Norway
78%
Asia Pakistan
62%
Asia Georgia
46%
No matching quizzes found
Score Distribution
Percent of People with Each Score
Percentile by Number Answered
Your Score History
You have not taken this quiz